00675nam a2200169 a 450000500170000000800410001702000180005805000230007624500610009926000350016030000170019544000380021250000200025052001970027065000110046765000270047820140412111312.0010326s19uu xx 00 eng d a0-7835-1303-8 aREF 170bC54La v.4 aThe Land of toys :ba book about looking after our toys. aAsia :bTime Life Asia,c1997. a32 p. ; ill. aA Child's First Library of Values aw/ casette tape aKen thinks his new toys are boring and he wants to throw them away. However, a visit to the land of unwanted toys makes him realize just how lucky he is and why he should look after his toys. aValues aToys stories - Fiction